|
|
|
|
| LEADER |
01063nab a2200325 i 4500 |
| 001 |
publ10096 |
| 005 |
20190322132819.0 |
| 008 |
161209s2016 hu o 0|| zxx d |
| 022 |
|
|
|a 0828-282X
|
| 024 |
7 |
|
|a 10.1016/j.cjca.2016.02.071
|2 doi
|
| 024 |
7 |
|
|a 3026076
|2 mtmt
|
| 040 |
|
|
|a SZTE Publicatio Repozitórium
|b hun
|
| 041 |
|
|
|a zxx
|
| 100 |
1 |
|
|a Csányi Beáta
|
| 245 |
1 |
0 |
|a Identification of two novel LAMP2 gene mutations in Danon disease
|h [elektronikus dokumentum] /
|c Csányi Beáta
|
| 260 |
|
|
|c 2016
|
| 300 |
|
|
|a 1355.e23-1355.e30
|
| 490 |
0 |
|
|a CANADIAN JOURNAL OF CARDIOLOGY
|v 32 No. 11
|
| 700 |
0 |
1 |
|a Popoiu Anca
|e aut
|
| 700 |
0 |
1 |
|a Hategan Lídia
|e aut
|
| 700 |
0 |
1 |
|a Hegedűs Zoltán
|e aut
|
| 700 |
0 |
1 |
|a Nagy Viktória
|e aut
|
| 700 |
0 |
1 |
|a Rácz Katalin
|e aut
|
| 700 |
0 |
1 |
|a Hőgye Márta
|e aut
|
| 700 |
0 |
1 |
|a Sághy László
|e aut
|
| 700 |
0 |
1 |
|a Iványi Béla
|e aut
|
| 700 |
0 |
1 |
|a Csanády Miklós
|e aut
|
| 700 |
0 |
1 |
|a Forster Tamás
|e aut
|
| 700 |
0 |
1 |
|a Sepp Róbert
|e aut
|
| 856 |
4 |
0 |
|u http://publicatio.bibl.u-szeged.hu/10096/1/3026076.pdf
|z Dokumentum-elérés
|